シャニマス声優のインターネット番組 - Statistics

General Stats
  • This quiz has been taken 12 times
    6 since last reset
  • The average score is 9 of 46
Answer Stats
キャスト アイドル 番組運営 番組名 サイト % Correct
関根瞳 櫻木真乃 ノワ 関根瞳のオトナ研究所 ニコ
80%
涼本 あきほ 有栖川 夏葉 wktkライブ 涼本あきほ・幸村恵理の 綺麗なバラにはトゲがある ニコ/YT
60%
和久井 優 浅倉 透 depth 和久井優と土屋李央の 「放課後が終わらない!」 ニコ
60%
幸村 恵理 黛 冬優子 wktkライブ 涼本あきほ・幸村恵理の 綺麗なバラにはトゲがある ニコ/YT
60%
土屋 李央 樋口 円香 depth 和久井優と土屋李央の 「放課後が終わらない!」 ニコ
60%
黒木 ほの香 大崎 甘奈 amiami 黒木ほの香のSecret Show Room ニコ/YT
60%
結名 美月 幽谷 霧子 amiami 結名美月のわたし、ゲームが得意なんです!!! ニコ/YT
40%
希水しお 三峰結華 USEN 希水しおのシォータイム ニコ
40%
河野 ひより 小宮 果穂 KADOKAWA 河野ひよりの晴れノチひより ニコ
40%
河野 ひより 小宮 果穂 amiami 河野ひよりのてれかくし ニコ/YT
40%
丸岡 和佳奈 杜野 凛世 amiami 丸岡和佳奈のゲームでカンパイ♡ ニコ/YT
40%
北原 沙弥香 和泉 愛依 wktkライブ これが北原 - This is KITAHARA ニコ/YT
40%
峯田 茉優 八宮 めぐる KADOKAWA 峯田茉優は香里有佐と仲良くなりたい! ニコ/YT
20%
峯田茉優 八宮めぐる depth まゆまゆのまにまに ニコ
20%
礒部 花凜 月岡 恋鐘 more CONNECT 礒部花凜のどなたか助けてくれませんか? ニコ
20%
八巻 アンナ 白瀬 咲耶 amiami 八巻アンナのあんなことこんなこと! ニコ/YT
20%
岡咲 美保 市川雛菜 文化放送 中島由貴・岡咲美保 あうとスタンド!! ニコ
20%
山根 綺 緋田 美琴 セカンドショット ややとみの ニコ/YT
20%
永井 真里子 西城 樹里 depth 涼本あきほ・永井真里子の 「しぇあはうしゅ」 ニコ
20%
土屋 李央 樋口 円香 アクシスジャパン 安齋由香里・土屋李央の 「オフ会やろうよ!」 ニコ
20%
涼本 あきほ 有栖川 夏葉 depth 涼本あきほ・永井真里子の 「しぇあはうしゅ」 ニコ
20%
黒木ほの香 大崎甘奈 ONDO 黒木ほの香と前川涼子のまだまだこれからなんです!SUPER ニコ
20%
前川涼子 大崎甜花 ONDO 黒木ほの香と前川涼子の まだまだこれからなんです!SUPER ニコ
20%
土屋 李央 樋口 円香 USEN 土屋李央Official Channel ~ちゃんりおスペースシップ~ ニコ/YT
20%
菅沼 千紗 田中 摩美々 more CONNECT 菅沼千紗の魅力に落ちる生放送 ニコ
0%
八巻 アンナ 白瀬 咲耶 セカンドショット いずみふアンちゃんの元気が出る生放送! ニコ/YT
0%
丸岡 和佳奈 杜野 凛世 amiami 丸岡和佳奈のごめんあそばせ○○さん ニコ/YT
0%
涼本 あきほ 有栖川 夏葉 wktkライブ 涼本あきほの綺麗なエリカにトゲはない ニコ/YT
0%
前川 涼子 大崎 甜花 KADOKAWA 前川涼子の実質家みたいなチャンネル ニコ
0%
芝崎 典子 桑山 千雪 more CONNECT 芝崎典子のたまにはいいよね ニコ/YT
0%
芝崎 典子 桑山 千雪 UDG 芝崎典子と安井咲希の所定外学習 ニコ
0%
幸村 恵理 黛 冬優子 syberZ 幸村恵理のこの木なんの木 OR
0%
山根 綺 緋田 美琴 KADOKAWA 山根綺のゆるっと綺譚 ニコ
0%
菅沼 千紗 田中 摩美々 ボイスガレッジ 丸岡和佳奈・菅沼千紗の 和び紗びじゅーおーむじん ニコ/YT
0%
河野 ひより 小宮 果穂 ネクスターク グループ 長野佑紀と河野ひよりの 『あんどもあっ!ぱちぱち空想部』 ニコ/YT
0%
永井 真里子 西城 樹里 wktkライブ 永井真里子のようこそ! 一緒にハマりませんか!? ニコ/YT
0%
黒木 ほの香 大崎 甘奈 ゲーマーズ サンドリオンの わるいのはぜんぶゲーマーズ ニコ/YT
0%
黒木 ほの香 大崎 甘奈 OPENREC.tv 黒木ほの香の "りらくぜ~しょん♡ほの家" OR
0%
幸村 恵理 黛 冬優子 wktkライブ 幸村恵理のフェリーチェ! -綺麗なスズランを添えて- ニコ/YT
0%
紫月 杏朱彩 七草 にちか GMOコネクト 梅澤めぐ・紫月杏朱彩のラジオ 花咲きカルタ ニコ
0%
川口 莉奈 斑鳩 ルカ amiami 川口莉奈の 事務所のドアが私だけ開かない件。 ニコ/YT
0%
丸岡 和佳奈 杜野 凛世 ボイスガレッジ 丸岡和佳奈・菅沼千紗の 和び紗びじゅーおーむじん ニコ/YT
0%
土屋 李央 樋口 円香 KADOKAWA 土屋李央のGaming BASE ニコ
0%
峯田 茉優 八宮 めぐる KADOKAWA 峯田茉優のMAYU Connection ニコ
0%
近藤 玲奈 風野 灯織 USEN 近藤玲奈Official Channel ~れいれいの近況報告~ ニコ
0%
田中有紀 芹沢あさひ USEN 田中有紀 Official channel ~ポジティブ大作戦~ ニコ
0%
No matching quizzes found
Score Distribution
Percent of People with Each Score
Percentile by Number Answered
Your Score History
You have not taken this quiz since the last reset